Rating appeals guidance note update (Record no. 70446)

MARC details
000 -LEADER
fixed length control field 01092cam a2200229 4500
001 - CONTROL NUMBER
control field WB3821-20
008 - FIXED-LENGTH DATA ELEMENTS--GENERAL INFORMATION
fixed length control field 020611n2002 000 0 eng u
035 ## - SYSTEM CONTROL NUMBER
System control number (Sirsi) u118351
245 ## - TITLE STATEMENT
Title Rating appeals guidance note update
260 ## - PUBLICATION, DISTRIBUTION, ETC.
Date of publication, distribution, etc. 2002
490 ## - SERIES STATEMENT
Series statement RICS Valuation Faculty News
Volume/sequential designation 07 June 2002 (1)
520 ## - SUMMARY, ETC.
Summary, etc. Update of "RICS rating appeals guidance note 2nd edition April 2002" following the coming into force of the "Non-Domestic Rating (Alteration of Lists and Appeals) (Amendments) (England) Regulations 2002". http://www.rics.org/ricscms/bin/show?class=News&template=/includes/shownews.html&id=2715. Amendments available http://www.rics.org/downloads/lya1-07-06-2002.pdf. Regulations available http://www.hmso.gov.uk/si/si2002/20020498.htm
590 ## - LOCAL NOTE (RLIN)
Local note WB
650 ## - SUBJECT ADDED ENTRY--TOPICAL TERM
Topical term or geographic name entry element RATING APPEALS
650 ## - SUBJECT ADDED ENTRY--TOPICAL TERM
Topical term or geographic name entry element NON-DOMESTIC RATING
650 ## - SUBJECT ADDED ENTRY--TOPICAL TERM
Topical term or geographic name entry element RATING
650 ## - SUBJECT ADDED ENTRY--TOPICAL TERM
Topical term or geographic name entry element VALUATION OFFICE
650 ## - SUBJECT ADDED ENTRY--TOPICAL TERM
Topical term or geographic name entry element Valuation
9 (RLIN) 6273
650 ## - SUBJECT ADDED ENTRY--TOPICAL TERM
Topical term or geographic name entry element NON-DOMESTIC RATING (ALTERATION OF LISTS AND APPEALS) (AMENDMENTS) (ENGLAND) REGULATIONS 2002
690 ## - LOCAL SUBJECT ADDED ENTRY--TOPICAL TERM (OCLC, RLIN)
Topical term or geographic name as entry element RATING AND LOCAL TAXATION
942 ## - ADDED ENTRY ELEMENTS (KOHA)
Suppress in OPAC 0
Holdings
Withdrawn status Lost status Source of classification or shelving scheme Damaged status Not for loan Home library Current library Shelving location Date acquired Total Checkouts Full call number Barcode Date last seen Copy number Price effective from Koha item type
    Dewey Decimal Classification     London London News article 11/06/2002   WB3821-20 118351-1001 06/08/2019 1 06/08/2019 News article